000 01575nam a2200409Ia 4500
001 vtls003174461
003 MY-SjTCS
005 20241217162215.0
006 m u
007 cr cn|||||||||
008 100712s1994 nyu sb 001 0 eng d
010 _z 93-030807
020 _z0195087356 (alk. paper)
035 _a(CaPaEBR)ebr10087209
039 9 _y201007121435
_zVLOAD
040 _aCaPaEBR
_cCaPaEBR
050 1 4 _aBL604.B64
_bC66 1994eb
082 0 4 _a291.2/2
_220
100 1 _aCooey, Paula M.,
_d1945-
245 1 0 _aReligious imagination and the body
_h[electronic resource] :
_ba feminist analysis /
_cPaula M. Cooey.
260 _aNew York :
_bOxford University Press,
_c1994.
300 _axiii, 184 p.
504 _aIncludes bibliographical references and indexes.
529 _aTSLHHL
533 _aElectronic reproduction.
_bPalo Alto, Calif. :
_cebrary,
_d2009.
_nAvailable via World Wide Web.
_nAccess may be limited to ebrary affiliated libraries.
600 1 0 _aPartnoy, Alicia,
_d1955-
600 1 0 _aMorrison, Toni
_97888
600 1 0 _aKahlo, Frida.
650 0 _aHuman body
_xReligious aspects.
650 0 _aImagination
_xReligious aspects.
_941668
650 0 _aWomen
_xReligious aspects.
650 0 _aFeminist theory.
650 0 _aPhilosophical theology.
_939548
655 7 _aElectronic books.
_2local
710 2 _aebrary, Inc.
_925628
856 4 0 _uhttps://ezproxy.taylors.edu.my/login?url=http://site.ebrary.com/lib/taylorscollege/Doc?id=10087209
_zAn electronic book accessible through the World Wide Web; click to view
999 _c89888